000 00735nam a2200229 a 4500
999 _c1096
_d1096
001 1096
003 BD-JhCC
005 20171015091057.0
008 171015s2014 bg a|||| ||a| 000 0 ben d
020 _a9789849049777
035 _a(BD-JhCC)1096
040 _aBD-JhCC
_dBD-JhCC
041 _aben
082 _a891.4409
_bHAQ 2014
100 _aহক, সৈয়দ শামসুল
245 _aটরে টরে টক্কায় /
_cসৈয়দ শামসুল হক
260 _aঢাকা :
_bবেংগল পাবলিকেশনস প্রকাশনী,
_c২০১৪.
300 _a32 p. :
_bill. ;
_c22 cm.
650 _aBengali Literature
_xLiterature
942 _2ddc
_cBK